000 00775nam a2200241 i 4500
001 30949
003 BD-RjUL
005 20211209051636.0
008 140412s1981 ii 0 eng d
020 _c: IRs. 200.00
035 _a(BD-RjUL)31036
040 _cBD-RjUL
_aBD-RjUL
_beng
041 _aeng
082 0 4 _a181.4841
_bSHH 1981
100 1 _aSharma, B. N. K.
_d1909-
_994049
245 1 0 _aA history of the dvaita school of Vedanta and its literature :
_bFrom the earliest beginnings to our own times /
_cby B.N.K. Sharma
250 _a2nd rev. ed.
260 _aDelhi:
_bMotilal Banarsidass,
_c1981
300 _axxxiii, 618, [1] p. :
_bIll. ;
_c23 cm.
504 _aIncludes Bibliographical footnotes.
650 0 _aDvaita (Vedanta)
_994050
942 _2ddc
_cBK
999 _c30949
_d30949